Southville International School and Colleges
Your cart is empty.
  • Cart
  • Lists
    Public lists list_1 View all
    Your lists Log in to create your own lists
  • Log in to your account
  • Your cookies
  • Search history
Southville International School and Colleges
  • Advanced search
  • Recent comments
  • Most popular
  • Libraries

Log in to your account

Log in with GOOGLE


If you do not have an external account, but do have a local account, you can still log in:

  1. Home
  2. MARC view: The jungle pyramid.
Normal view MARC view ISBD view

The jungle pyramid. (Record no. 110725)

[ view plain ]
MARC details
000 -LEADER
fixed length control field 00377nam a2200157 a 4500
001 - CONTROL NUMBER
control field 2679
005 - DATE AND TIME OF LATEST TRANSACTION
control field 20140414131902.0
008 - FIXED-LENGTH DATA ELEMENTS--GENERAL INFORMATION
fixed length control field 050924s19uu xx 00 eng d
050 ## - LIBRARY OF CONGRESS CALL NUMBER
Classification number FIC
Item number D54 #56
100 ## - MAIN ENTRY--PERSONAL NAME
Personal name Franklin W. Dixon
245 ## - TITLE STATEMENT
Title The jungle pyramid.
260 ## - PUBLICATION, DISTRIBUTION, ETC. (IMPRINT)
Place of publication, distribution, etc New York :
Name of publisher, distributor, etc Grosset and Dunlap.
300 ## - PHYSICAL DESCRIPTION
Extent p. ; cm.
440 ## - SERIES STATEMENT/ADDED ENTRY--TITLE
Title Hardy boys
Holdings
Withdrawn status Lost status Damaged status Home library Current library Shelving location Date acquired Source of acquisition Total Checkouts Full call number Barcode Date last seen Price effective from Koha item type
      Munich Library Munich Library Fiction Section 09/24/2005     FIC D54 #56 M1204 04/14/2014 04/14/2014 Books

The jungle pyramid.

APA

Franklin W. Dixon, .The jungle pyramid. New York: Grosset and Dunlap.

Chicago

Franklin W. Dixon, .The jungle pyramid. New York: Grosset and Dunlap.

Harvard

Franklin W. Dixon, .The jungle pyramid. New York: Grosset and Dunlap.

MLA

Franklin W. Dixon, .New York: Grosset and Dunlap. .

  • Place hold
  • Print
  • Cite
  • Add to your cart (remove)
  • Save record
    BIBTEX Dublin Core MARCXML MARC (non-Unicode/MARC-8) MARC (Unicode/UTF-8) MARC (Unicode/UTF-8, Standard) MODS (XML) RIS
  • More searches
    Search for this title in:
    Other Libraries (WorldCat) Other Databases (Google Scholar) Online Stores (Bookfinder.com) Open Library (openlibrary.org)

Exporting to Dublin Core...

SOUTHVILLE LIBRARY

Southville International School and Colleges Library

1281 Tropical Ave. Cor. Luxembourg St., BF Homes International, Las Pinas City

Tel. No. 8256374 / 252358 Loc. 117/146

Powered by Koha